000 00247nam a2200097Ia 4500
005 20251222114404.0
008 251222s1900||||xx |||||||||||||| ||spa||
082 _aDVD0070/M93/2005
245 0 _aMatar a un ruiseƱor:To Kill a Mockingbird
942 _cDVD
999 _c1780
_d1780